Súčasný obchod je predovšetkým výmena informácií, tvrdí manažér ICL. 2

Pokračovanie príspevku, ktorý je venovaný výkladu filozofie spoločnosti International Computers Limited - ICL. Pohľad na novú aktivitu, a to predaj informačných technológií a služieb maloobchodu.

Guardado en:
Detalles Bibliográficos
Autor principal: Brunovský, O.
Formato: Capítulo de libro
Lenguaje:eslovaco
Materias:
Etiquetas: Agregar Etiqueta
Sin Etiquetas, Sea el primero en etiquetar este registro!

MARC

LEADER 00000naa a2200000 4500
001 r000386
005 20221213114716.8
041 0 |a slo 
044 |a SK 
245 1 0 |a Súčasný obchod je predovšetkým výmena informácií, tvrdí manažér ICL. 2  |c O. Brunovský 
520 |a Pokračovanie príspevku, ktorý je venovaný výkladu filozofie spoločnosti International Computers Limited - ICL. Pohľad na novú aktivitu, a to predaj informačných technológií a služieb maloobchodu. 
610 2 0 |a ICL 
610 2 0 |a podnik 
610 2 0 |a filozofia 
610 2 0 |a elektronika 
610 2 0 |a technológie informačné 
610 2 0 |a maloobchod 
610 2 0 |a International Computers Limited 
610 2 0 |a služby 
610 2 0 |a počítače 
610 2 0 |a obchod 
610 2 0 |a využitie počítačov 
100 1 |a Brunovský, O.